[Event "Arco op 44th"]
[Site "Arco"]
[Date "2022.10.11"]
[Round "4"]
[White "Hirzel, Rene"]
[Black "Smith, Bryan G"]
[Result "1/2-1/2"]
[WhiteElo "2119"]
[BlackElo "2413"]
[PlyCount "49"]
[EventDate "2022.10.08"]
[EventType "swiss"]
[EventRounds "9"]
[EventCountry "ITA"]
[SourceTitle "CBM 210 Extra"]
[Source "ChessBase"]
[SourceDate "2022.11.30"]
[SourceVersion "1"]
[SourceVersionDate "2022.11.30"]
[SourceQuality "1"]

1. c4 g6 2. Nc3 Bg7 3. g3 c5 4. Bg2 Nc6 5. Nf3 d6 6. 0-0 Qd7 7. a3 b6 8. d3 Bb7 9. e4 e6 10. Bf4 Nge7 11. Qd2 h6 12. h4 Nd4 13. Rab1 Nxf3+ 14. Bxf3 g5 15. hxg5 hxg5 16. Bxg5 f6 17. Be3 e5 18. Bg2 0-0-0 19. f3 f5 20. Kf2 Ng6 21. Rh1 Kb8 22. Rxh8 Rxh8 23. Rh1 Rxh1 24. Bxh1 f4 25. gxf4 1/2-1/2

[Event "Pardubice Czech op-A 33rd"]
[Site "Pardubice"]
[Date "2022.07.30"]
[Round "9"]
[White "Kokoszczynski, Jan"]
[Black "Smith, Bryan G"]
[Result "1/2-1/2"]
[WhiteElo "2297"]
[BlackElo "2421"]
[PlyCount "45"]
[EventDate "2022.07.22"]
[EventType "swiss"]
[EventRounds "9"]
[EventCountry "CZE"]
[SourceTitle "CBM 209 Extra"]
[Source "ChessBase"]
[SourceDate "2022.09.30"]
[SourceVersion "1"]
[SourceVersionDate "2022.09.30"]
[SourceQuality "1"]

1. d4 Nf6 2. c4 g6 3. Nc3 Bg7 4. e4 d6 5. Be2 0-0 6. Bg5 Na6 7. Nf3 h6 8. Be3 e5 9. 0-0 Qe7 10. dxe5 dxe5 11. Nd5 Qd8 12. Nxf6+ Qxf6 13. c5 Nb8 14. Qb3 Nc6 15. Rfd1 Rb8 16. Qa4 a6 17. b4 Bg4 18. Rd2 Bxf3 19. Bxf3 Nd4 20. Bxd4 exd4 21. Rd3 Rfd8 22. g3 Qe6 23. h4 1/2-1/2

[Event "Pardubice Czech op-A 33rd"]
[Site "Pardubice"]
[Date "2022.07.25"]
[Round "4"]
[White "Goroshkov, Maksym"]
[Black "Smith, Bryan G"]
[Result "1/2-1/2"]
[WhiteElo "2240"]
[BlackElo "2421"]
[PlyCount "119"]
[EventDate "2022.07.22"]
[EventType "swiss"]
[EventRounds "9"]
[EventCountry "CZE"]
[SourceTitle "CBM 209 Extra"]
[Source "ChessBase"]
[SourceDate "2022.09.30"]
[SourceVersion "1"]
[SourceVersionDate "2022.09.30"]
[SourceQuality "1"]

1. e4 e6 2. d4 d5 3. Nd2 c5 4. c3 cxd4 5. cxd4 dxe4 6. Nxe4 Bd7 7. Nf3 Bc6 8. Nc3 Nd7 9. Be2 Ngf6 10. 0-0 Be7 11. Bf4 0-0 12. Rc1 Qb6 13. Qb3 Qxb3 14. axb3 Nd5 15. Nxd5 Bxd5 16. Nd2 Rfc8 17. Bf3 Nb6 18. Nc4 Bxf3 19. Nxb6 axb6 20. gxf3 Kf8 21. Rxc8+ Rxc8 22. Ra1 Bf6 23. Ra7 Bxd4 24. Rxb7 Rc2 25. Be3 e5 26. Bxd4 exd4 27. Rxb6 Rxb2 28. Rd6 Rb1+ 29. Kg2 Rd1 30. Rd7 Ke8 31. Rc7 Rb1 32. Rc4 d3 33. Re4+ Kf8 34. Rd4 Rxb3 35. f4 Ke7 36. Kf3 Ke6 37. Ke3 h6 38. h3 d2+ 39. Kxd2 Rxh3 40. Ke2 g6 41. Kf1 Kf5 42. Kg2 Rh4 43. Kg3 Rg4+ 44. Kf3 Rg1 45. Rd5+ Ke6 46. Ra5 h5 47. f5+ gxf5 48. Ra6+ Ke5 49. Rh6 Rg5 50. Ke3 f4+ 51. Kf3 f6 52. Rh7 Kf5 53. Rh6 Ke6 54. Rh7 Ke5 55. Rh8 Ke6 56. Rh7 Rf5 57. Ra7 Rb5 58. Rh7 Rb3+ 59. Kxf4 Rb4+ 60. Kg3 1/2-1/2

[Event "Pardubice Czech op-A 33rd"]
[Site "Pardubice"]
[Date "2022.07.23"]
[Round "2"]
[White "Savitha Shri, B."]
[Black "Smith, Bryan G"]
[Result "1-0"]
[WhiteElo "2278"]
[BlackElo "2421"]
[PlyCount "61"]
[EventDate "2022.07.22"]
[EventType "swiss"]
[EventRounds "9"]
[EventCountry "CZE"]
[SourceTitle "CBM 209 Extra"]
[Source "ChessBase"]
[SourceDate "2022.09.30"]
[SourceVersion "1"]
[SourceVersionDate "2022.09.30"]
[SourceQuality "1"]

1. e4 c5 2. Nf3 d6 3. d4 cxd4 4. Nxd4 Nf6 5. Nc3 a6 6. Be3 e5 7. Nb3 Be6 8. Qf3 Nbd7 9. h3 Rc8 10. g4 Rxc3 11. bxc3 d5 12. Bd3 Qc7 13. 0-0 h5 14. g5 dxe4 15. Bxe4 Nxe4 16. Qxe4 Bxh3 17. g6 f5 18. Qd5 f4 19. Bxf4 exf4 20. Rfe1+ Kd8 21. Na5 Qb6 22. Rab1 Qxg6+ 23. Kh2 f3 24. Nxb7+ Kc8 25. Re8+ Kc7 26. Qa5+ Nb6 27. Qe5+ Kc6 28. Na5+ Kd7 29. Rd1+ Qd6 30. Rxf8 Qxd1 31. Rf7+ 1-0

[Event "US Masters"]
[Site "Charlotte"]
[Date "2021.11.26"]
[Round "5"]
[White "Neef, Maximilian"]
[Black "Smith, Bryan G"]
[Result "0-1"]
[WhiteElo "2509"]
[BlackElo "2416"]
[PlyCount "60"]
[EventDate "2021.11.24"]
[EventType "swiss"]
[EventRounds "9"]
[EventCountry "USA"]
[SourceTitle "CBM 205 Extra"]
[Source "ChessBase"]
[SourceDate "2022.01.31"]
[SourceVersion "1"]
[SourceVersionDate "2022.01.31"]
[SourceQuality "1"]

1. Nf3 c5 2. g3 g6 3. c4 Bg7 4. Bg2 Nc6 5. Nc3 d6 6. 0-0 e5 7. a3 Nge7 8. b4 f5 9. Rb1 0-0 10. Bb2 h6 11. d3 Be6 12. Nd2 Rc8 13. Nd5 f4 14. Qa4 Nf5 15. Rfe1 h5 16. Bc3 fxg3 17. fxg3 h4 18. Ne4 hxg3 19. hxg3 Bh6 20. Bh3 Bxd5 21. cxd5 Nxg3 22. Be6+ Kh8 23. Nxg3 Be3+ 24. Kg2 Rf2+ 25. Kh3 Rc7 26. Bg4 Rh7+ 27. Nh5 Bf4 28. Rh1 Rxh5+ 29. Bxh5 Qd7+ 30. Kh4 g5# 0-1

[Event "US Masters"]
[Site "Charlotte"]
[Date "2021.11.26"]
[Round "4"]
[White "Smith, Bryan G"]
[Black "Kaidanov, Gregory S"]
[Result "1/2-1/2"]
[WhiteElo "2416"]
[BlackElo "2566"]
[PlyCount "106"]
[EventDate "2021.11.24"]
[EventType "swiss"]
[EventRounds "9"]
[EventCountry "USA"]
[SourceTitle "CBM 205 Extra"]
[Source "ChessBase"]
[SourceDate "2022.01.31"]
[SourceVersion "1"]
[SourceVersionDate "2022.01.31"]
[SourceQuality "1"]

1. e4 e5 2. Nf3 Nc6 3. Bb5 a6 4. Ba4 Nf6 5. 0-0 b5 6. Bb3 Bb7 7. d3 Be7 8. Re1 0-0 9. Nbd2 Re8 10. a4 Bf8 11. Nf1 Na5 12. Ba2 d5 13. exd5 Bxd5 14. Bxd5 Qxd5 15. axb5 axb5 16. Bg5 Nd7 17. Ne3 Qe6 18. d4 e4 19. Nd2 Bd6 20. f3 exf3 21. Qxf3 Nb6 22. c3 Nac4 23. Rxa8 Rxa8 24. Ndxc4 bxc4 25. Bh4 Bf8 26. Nf5 Qg6 27. Bg3 c6 28. h3 Nd5 29. Re4 h5 30. Kh2 Qg5 31. Bh4 Qc1 32. Qxh5 g6 33. Rg4 Bg7 34. Rxg6 fxg6 35. Qxg6 Ra7 36. Bg5 Qf1 37. Nh6+ Kh8 38. Nf5 Nf4 39. Qe8+ Kh7 40. Qe4 Ng6 41. Qg4 Rf7 42. Nd6 Rf2 43. Be3 Rf6 44. Ne4 Rf4 45. Qh5+ Bh6 46. Ng5+ Kg7 47. Ne6+ Kh7 48. Bxf4 Nxf4 49. Qf7+ Kh8 50. Qe8+ Kh7 51. Qf7+ Kh8 52. Qe8+ Kh7 53. Qf7+ Kh8 1/2-1/2

[Event "Indianapolis Premier"]
[Site "Indianapolis"]
[Date "2021.09.26"]
[Round "4"]
[White "Smith, Bryan G"]
[Black "Mills, James A"]
[Result "1-0"]
[WhiteElo "2425"]
[BlackElo "1964"]
[PlyCount "91"]
[EventDate "2021.09.24"]
[EventType "swiss"]
[EventRounds "5"]
[EventCountry "USA"]
[SourceTitle "CBM 204 Extra"]
[Source "ChessBase"]
[SourceDate "2021.11.30"]
[SourceVersion "1"]
[SourceVersionDate "2021.11.30"]
[SourceQuality "1"]

1. e4 c6 2. d4 d5 3. e5 c5 4. dxc5 Nc6 5. f4 e6 6. Be3 d4 7. Bf2 Bxc5 8. Nd2 Nge7 9. a3 Nf5 10. Bd3 h5 11. Qf3 Bd7 12. Ne2 Nce7 13. Nb3 Bc6 14. Be4 Bb6 15. 0-0-0 Bxe4 16. Qxe4 Qd5 17. Qxd5 Nxd5 18. Nbxd4 Nxd4 19. Bxd4 Bxd4 20. Rxd4 0-0-0 21. Rhd1 Ne3 22. Rxd8+ Rxd8 23. Rxd8+ Kxd8 24. g3 f6 25. Nd4 Ke7 26. Nf3 Kd7 27. Kd2 Nf5 28. Kd3 Ne7 29. c4 Nf5 30. Nd4 Ne7 31. Ke4 f5+ 32. Ke3 a6 33. b4 b6 34. a4 Nc8 35. Nb3 Ne7 36. a5 bxa5 37. Nxa5 Kc7 38. h4 g6 39. Kd4 Kb6 40. Nb3 Nc6+ 41. Kc3 Nd8 42. Nc5 a5 43. Na4+ Ka6 44. b5+ Kb7 45. c5 Kc7 46. Kc4 1-0

[Event "Schilcherland op 3rd"]
[Site "Deutschlandsberg"]
[Date "2020.01.03"]
[Round "8"]
[White "Smith, Bryan G"]
[Black "Mazi, Leon"]
[Result "1-0"]
[WhiteElo "2428"]
[BlackElo "2326"]
[PlyCount "79"]
[EventDate "2019.12.28"]
[EventType "swiss"]
[EventRounds "9"]
[EventCountry "AUT"]
[SourceTitle "CBM 194 Extra"]
[Source "ChessBase"]
[SourceDate "2020.03.31"]
[SourceVersion "1"]
[SourceVersionDate "2020.03.31"]
[SourceQuality "1"]

1. e4 c5 2. Nf3 d6 3. d4 cxd4 4. Nxd4 Nf6 5. Nc3 a6 6. h3 e6 7. g4 b5 8. Bg2 Bb7 9. 0-0 Nfd7 10. Re1 Ne5 11. f4 Nec6 12. Nf5 g6 13. Nd4 Bg7 14. Be3 0-0 15. Qd3 Nxd4 16. Bxd4 e5 17. Be3 exf4 18. Bxf4 Be5 19. Bxe5 dxe5 20. Qg3 Nd7 21. Rad1 Qc7 22. Rd2 Nb6 23. Rf2 Rad8 24. g5 Qc5 25. Kh2 Nc4 26. b3 Nd6 27. Rd1 b4 28. Nd5 Nxe4 29. Bxe4 Rxd5 30. Bxd5 Bxd5 31. Re2 Re8 32. Qd3 Bc6 33. Qd6 Qb5 34. Rf2 Bf3 35. Rxf3 Qe2+ 36. Kg3 e4 37. Rf2 Qe3+ 38. Kg2 Qxg5+ 39. Qg3 Qc5 40. Qf4 1-0

[Event "Schilcherland op 3rd"]
[Site "Deutschlandsberg"]
[Date "2020.01.01"]
[Round "6"]
[White "Smith, Bryan G"]
[Black "Mohota, Nisha"]
[Result "1-0"]
[WhiteElo "2428"]
[BlackElo "2191"]
[PlyCount "119"]
[EventDate "2019.12.28"]
[EventType "swiss"]
[EventRounds "9"]
[EventCountry "AUT"]
[SourceTitle "CBM 194 Extra"]
[Source "ChessBase"]
[SourceDate "2020.03.31"]
[SourceVersion "1"]
[SourceVersionDate "2020.03.31"]
[SourceQuality "1"]

1. e4 e5 2. Nf3 Nc6 3. Bb5 a6 4. Ba4 Nf6 5. 0-0 Be7 6. Re1 b5 7. Bb3 d6 8. c3 0-0 9. h3 Nb8 10. d4 Nbd7 11. Nbd2 Bb7 12. Bc2 Re8 13. Nf1 Bf8 14. Ng3 g6 15. Bg5 h6 16. Bd2 Bg7 17. a4 Nb6 18. Qc1 Kh7 19. b3 c6 20. h4 Qe7 21. h5 Nxh5 22. Nxh5 gxh5 23. g3 bxa4 24. dxe5 dxe5 25. Nh4 Bc8 26. Be3 axb3 27. Bxb3 Rb8 28. Rb1 Bf6 29. Nf3 Bg4 30. Nh2 Bh3 31. Qd1 Bg5 32. Qxh5 Bxe3 33. Rxe3 Be6 34. Bxe6 Qxe6 35. Rf3 Kg7 36. Ng4 Qg6 37. Qh3 Re6 38. Rf5 f6 39. f3 c5 40. Rh5 Rh8 41. Ne3 Rc6 42. Nf5+ Kf8 43. Rd1 Ke8 44. g4 c4 45. Qg2 Rh7 46. Qa2 Qg8 47. Qxa6 Qf8 48. Rd5 Rhc7 49. Rb5 Nc8 50. Qa4 Nb6 51. Qa5 Nc8 52. Rxh6 Ne7 53. Rb8+ Nc8 54. Kg2 Rd7 55. Qb5 Rcc7 56. Rh7 Kd8 57. Rxd7+ Rxd7 58. Rxc8+ Kxc8 59. Qc6+ Kb8 60. Qxd7 1-0

[Event "Schilcherland op 3rd"]
[Site "Deutschlandsberg"]
[Date "2019.12.29"]
[Round "3"]
[White "Antal, Gergely"]
[Black "Smith, Bryan G"]
[Result "1-0"]
[WhiteElo "2563"]
[BlackElo "2428"]
[PlyCount "109"]
[EventDate "2019.12.28"]
[EventType "swiss"]
[EventRounds "9"]
[EventCountry "AUT"]
[SourceTitle "CBM 194 Extra"]
[Source "ChessBase"]
[SourceDate "2020.03.31"]
[SourceVersion "1"]
[SourceVersionDate "2020.03.31"]
[SourceQuality "1"]

1. e4 c5 2. Nf3 d6 3. Bb5+ Bd7 4. Bxd7+ Qxd7 5. c4 Nf6 6. Nc3 g6 7. d4 cxd4 8. Nxd4 Bg7 9. f3 0-0 10. Be3 Nc6 11. 0-0 Rac8 12. b3 a6 13. Qd3 e6 14. Rac1 Rfd8 15. Rfd1 Ne5 16. Qe2 Qe7 17. Kh1 Nh5 18. g3 h6 19. f4 Nc6 20. Nf3 Nf6 21. Bb6 Re8 22. Qd2 Bf8 23. c5 d5 24. exd5 exd5 25. Nxd5 Nxd5 26. Qxd5 Qe3 27. Re1 Qf2 28. Rf1 Qxa2 29. Ne5 Re7 30. Qc4 Nxe5 31. fxe5 Qd2 32. Rcd1 Qe3 33. Rxf7 Rxf7 34. Rf1 Bxc5 35. Qxf7+ Kh8 36. Qxb7 Re8 37. Qc6 Rxe5 38. Qxg6 Qg5 39. Qc6 Bxb6 40. Qxb6 Re8 41. Qf6+ Qxf6 42. Rxf6 Kg7 43. Rxa6 Re1+ 44. Kg2 Re2+ 45. Kh3 Rb2 46. Rb6 h5 47. b4 Kh7 48. b5 Kg7 49. Rb8 Kg6 50. b6 Kf7 51. Kh4 Rxh2+ 52. Kg5 h4 53. gxh4 Rb2 54. Kf5 Rb5+ 55. Ke4 1-0

[Event "Zagreb Hulak Memorial op 4th"]
[Site "Zagreb"]
[Date "2019.12.10"]
[Round "5"]
[White "Kozul, Zdenko"]
[Black "Smith, Bryan G"]
[Result "1-0"]
[WhiteElo "2590"]
[BlackElo "2428"]
[PlyCount "73"]
[EventDate "2019.12.07"]
[EventType "swiss"]
[EventRounds "9"]
[EventCountry "CRO"]
[SourceTitle "CBM 193 Extra"]
[Source "ChessBase"]
[SourceDate "2020.01.31"]
[SourceVersion "1"]
[SourceVersionDate "2020.01.31"]
[SourceQuality "1"]

1. d4 Nf6 2. c4 e6 3. Nf3 c5 4. d5 d6 5. Nc3 exd5 6. cxd5 g6 7. h3 Bg7 8. Bf4 0-0 9. e3 Na6 10. Bxa6 bxa6 11. 0-0 Bf5 12. Rc1 Ne4 13. Nxe4 Bxe4 14. Rc4 Re8 15. b3 h6 16. Ne1 a5 17. g4 g5 18. Bg3 Bg6 19. Ng2 Rb8 20. Kh2 Rb4 21. f3 f5 22. Be1 h5 23. Bxb4 axb4 24. gxf5 Bxf5 25. f4 g4 26. hxg4 hxg4 27. Kg3 Qf6 28. Rh1 Qb2 29. Rh5 Be4 30. Rxe4 Rxe4 31. Qxg4 Re8 32. Qg6 Re7 33. Qxd6 Bf8 34. Rg5+ Rg7 35. Qe6+ Kh8 36. d6 Rxg5+ 37. fxg5 1-0

[Event "Belgrade Trophy 33rd"]
[Site "Belgrade"]
[Date "2019.12.02"]
[Round "9"]
[White "Smith, Bryan G"]
[Black "Vasic, Vladimir"]
[Result "0-1"]
[WhiteElo "2430"]
[BlackElo "2160"]
[PlyCount "126"]
[EventDate "2019.11.24"]
[EventType "swiss"]
[EventRounds "9"]
[EventCountry "SRB"]
[SourceTitle "CBM 193 Extra"]
[Source "ChessBase"]
[SourceDate "2020.01.31"]
[SourceVersion "1"]
[SourceVersionDate "2020.01.31"]
[SourceQuality "1"]

1. e4 e5 2. Nf3 Nc6 3. Nc3 Nf6 4. a3 Be7 5. d4 exd4 6. Nxd4 Nxd4 7. Qxd4 d6 8. Bc4 0-0 9. 0-0 Be6 10. Bf4 Qd7 11. Rad1 Nh5 12. Be3 Bf6 13. Bxe6 Qxe6 14. Qb4 Bxc3 15. Qxc3 Rac8 16. Rfe1 Qxe4 17. Bxa7 Qg6 18. Bd4 Nf4 19. Qf3 Ne6 20. Bc3 b6 21. Re2 Ng5 22. Qg3 Rce8 23. Rde1 Rxe2 24. Rxe2 Ne6 25. Qf3 Qg5 26. Re3 h5 27. Qe4 d5 28. Qe5 Qxe5 29. Rxe5 d4 30. Bd2 g6 31. Rd5 Ra8 32. f4 f5 33. Rd7 Kf8 34. Kf2 Ke8 35. Rh7 Ra4 36. b3 Ra8 37. a4 Rd8 38. b4 Rd6 39. Ke2 c5 40. a5 bxa5 41. bxa5 c4 42. Bb4 Rc6 43. g3 Nc7 44. Re7+ Kd8 45. Re5 Ne6 46. Kd2 Kc7 47. Rb5 Ra6 48. Kd1 h4 49. gxh4 Nxf4 50. h5 Nxh5 51. Rd5 Nf6 52. Rxd4 Rc6 53. Rh4 Kb7 54. c3 Ka6 55. Rh8 Ng4 56. Ke2 Re6+ 57. Kf3 g5 58. Rc8 Rh6 59. Kg3 Ne3 60. Bc5 Nf1+ 61. Kg2 Nxh2 62. Bb6 Ng4 63. Rxc4 Rxb6 0-1

[Event "Belgrade Trophy 33rd"]
[Site "Belgrade"]
[Date "2019.11.30"]
[Round "7"]
[White "Smith, Bryan G"]
[Black "Kotronias, Vasilios"]
[Result "0-1"]
[WhiteElo "2430"]
[BlackElo "2486"]
[PlyCount "96"]
[EventDate "2019.11.24"]
[EventType "swiss"]
[EventRounds "9"]
[EventCountry "SRB"]
[SourceTitle "CBM 193 Extra"]
[Source "ChessBase"]
[SourceDate "2020.01.31"]
[SourceVersion "1"]
[SourceVersionDate "2020.01.31"]
[SourceQuality "1"]

1. e4 c5 2. Nf3 Nc6 3. d4 cxd4 4. Nxd4 Nf6 5. Nc3 d6 6. Bg5 e6 7. Qd2 a6 8. 0-0-0 Bd7 9. f3 Nxd4 10. Qxd4 h6 11. Be3 b5 12. Kb1 Bc6 13. h4 Qc7 14. Qd2 Nd7 15. Ne2 Bb7 16. Nd4 Ne5 17. b3 Rd8 18. Be2 Be7 19. Qe1 h5 20. Bg5 Rc8 21. Bxe7 Qxe7 22. f4 Nd7 23. Bf3 Nf6 24. e5 dxe5 25. fxe5 Nd5 26. Bxd5 Bxd5 27. Nf5 exf5 28. Rxd5 0-0 29. Qf2 g6 30. Qd4 Qc7 31. Rc1 Qc3 32. Qxc3 Rxc3 33. Rd3 Rfc8 34. Kb2 b4 35. Rxc3 Rxc3 36. a3 a5 37. axb4 axb4 38. Rd1 Rg3 39. Rd4 Rg4 40. Rc4 Kf8 41. g3 Ke7 42. Rc7+ Ke6 43. c3 bxc3+ 44. Rxc3 f4 45. gxf4 Rxf4 46. Ka3 Rxh4 47. b4 Rh1 48. Kb2 Re1 0-1

[Event "Belgrade Trophy 33rd"]
[Site "Belgrade"]
[Date "2019.11.24"]
[Round "1"]
[White "Smith, Bryan G"]
[Black "Hlebec, Darko"]
[Result "1/2-1/2"]
[WhiteElo "2430"]
[BlackElo "1981"]
[PlyCount "124"]
[EventDate "2019.11.24"]
[EventType "swiss"]
[EventRounds "9"]
[EventCountry "SRB"]
[SourceTitle "CBM 193 Extra"]
[Source "ChessBase"]
[SourceDate "2020.01.31"]
[SourceVersion "1"]
[SourceVersionDate "2020.01.31"]
[SourceQuality "1"]

1. e4 e5 2. Nf3 Nf6 3. Nxe5 d6 4. Nc4 Nxe4 5. d4 d5 6. Ne3 c6 7. Nd2 Bb4 8. c3 Nxd2 9. Bxd2 Bd6 10. Bd3 Be6 11. Qf3 Nd7 12. Nf5 Bxf5 13. Qxf5 Qf6 14. Qg4 Qe6+ 15. Qxe6+ fxe6 16. 0-0 0-0 17. f4 Nf6 18. Rae1 Rae8 19. g3 Re7 20. Kg2 c5 21. dxc5 Bxc5 22. Re2 a6 23. Rfe1 Rfe8 24. c4 Kf7 25. Bc3 g6 26. h3 Bd6 27. Bd4 Bb4 28. Rc1 Rc8 29. Rec2 Rec7 30. Be5 Rc6 31. a3 dxc4 32. Rxc4 Rxc4 33. Rxc4 Rxc4 34. Bxc4 Bc5 35. Kf3 Nd7 36. Bc3 Nb6 37. Bb3 Nd5 38. Be5 Nf6 39. g4 Ke7 40. Bc2 Nd7 41. Bc3 Nf6 42. b4 Bd6 43. Bd2 Bc7 44. h4 b6 45. h5 Kf7 46. h6 Bd6 47. Bb3 Ke7 48. a4 b5 49. axb5 axb5 50. Be1 Nd5 51. Bh4+ Kf7 52. f5 gxf5 53. gxf5 Bxb4 54. fxe6+ Kxe6 55. Bg5 Kf5 56. Bc1 Nf6 57. Bc2+ Ke6 58. Bd3 Bf8 59. Bxb5 Kd5 60. Ba4 Kc4 61. Bc2 Ng8 62. Bxh7 Nxh6 1/2-1/2

[Event "Bayern-chI Bank Hofmann 23rd"]
[Site "Tegernsee"]
[Date "2019.10.28"]
[Round "3"]
[White "Bernadskiy, Vitaliy"]
[Black "Smith, Bryan G"]
[Result "1-0"]
[WhiteElo "2554"]
[BlackElo "2430"]
[PlyCount "76"]
[EventDate "2019.10.26"]
[EventType "swiss"]
[EventRounds "9"]
[EventCountry "GER"]
[SourceTitle "CBM 192 Extra"]
[Source "Chessbase"]
[SourceDate "2019.11.06"]
[SourceVersion "1"]
[SourceVersionDate "2019.11.06"]
[SourceQuality "1"]

1. c4 e5 2. g3 Nc6 3. Bg2 f5 4. d3 Nf6 5. Nf3 Bb4+ 6. Nfd2 a5 7. 0-0 0-0 8. Nc3 d6 9. Na4 Bxd2 10. Bxd2 f4 11. Nc3 Nd4 12. e3 fxe3 13. fxe3 Bg4 14. Qb1 Ne6 15. h3 Bh5 16. Bxb7 Rb8 17. Bg2 Qd7 18. Kh2 Bg6 19. b3 e4 20. dxe4 Ng5 21. Rf4 Nfxe4 22. Nxe4 Bxe4 23. Qh1 a4 24. Raf1 Bxg2 25. Qxg2 axb3 26. Qd5+ Nf7 27. axb3 c6 28. Qd4 h6 29. e4 Ng5 30. Rxf8+ Rxf8 31. Rxf8+ Kxf8 32. Bxg5 hxg5 33. c5 d5 34. Kg2 Kg8 35. exd5 cxd5 36. b4 Qe6 37. Kf2 Qf5+ 38. Ke3 Qe6+ 1-0

[Event "Bayern-chI Bank Hofmann 23rd"]
[Site "Tegernsee"]
[Date "2019.10.27"]
[Round "2"]
[White "Smith, Bryan G"]
[Black "Grigorieva, Yulia"]
[Result "1-0"]
[WhiteElo "2430"]
[BlackElo "2184"]
[PlyCount "57"]
[EventDate "2019.10.26"]
[EventType "swiss"]
[EventRounds "9"]
[EventCountry "GER"]
[SourceTitle "CBM 192 Extra"]
[Source "Chessbase"]
[SourceDate "2019.11.06"]
[SourceVersion "1"]
[SourceVersionDate "2019.11.06"]
[SourceQuality "1"]

1. e4 e5 2. f4 exf4 3. Nf3 g5 4. Nc3 d6 5. d4 Bg7 6. g3 g4 7. Nh4 f3 8. Be3 Bf6 9. Qd2 Nc6 10. Nd5 Bxh4 11. gxh4 Be6 12. 0-0-0 Nce7 13. Nf4 d5 14. exd5 Bxd5 15. c4 Be4 16. d5 Nf6 17. Bd4 Nf5 18. Re1 0-0 19. Bxf6 Qxf6 20. Rxe4 Qxh4 21. Rg1 Nd6 22. Re3 Kh8 23. Rxf3 Rae8 24. Rfg3 Ne4 25. Qd4+ f6 26. Rxg4 Qe1+ 27. Kc2 c5 28. Qd3 b5 29. Ng6+ 1-0